| 000 | 00357nam a2200133 a 4500 | ||
|---|---|---|---|
| 005 | 20140412111419.0 | ||
| 008 | 070906s19uu xx 00 eng d | ||
| 020 | _a971-508-227-0 | ||
| 050 |
_aBB _bMa188 2003 |
||
| 100 | _aAlmario, Virgilio | ||
| 245 |
_aMagic mat : _bSleep early and dream... |
||
| 260 |
_aPhilippines : _bAdarna, _c2003. |
||
| 999 |
_c105973 _d105973 |
||